000 00380 a2200157 4500
001 153080
040 _cEscola São Tomás de Aquino
100 _aNOVAES, Carlos Eduardo
240 1 0 _aCasé o jacaré que anda em pé
_lpor
245 1 0 _aCasé o jacaré que anda em pé
300 _a176
362 0 _a2004
440 1 _aÁtica
697 _a*LITERATURA JUVENIL
942 _cBK
999 _c153080
_d153080